Industrial arts plastics /
A textbook describing the properties of different types of plastics with instructions for making a variety of items from these materials.
Saved in:
| Hovedforfatter: | |
|---|---|
| Format: | Bog |
| Sprog: | English |
| Udgivet: |
Peoria, Ill. :
Chas. A. Bennett Co.,
c1974.
|
| Udgivelse: | 2nd ed. |
| Fag: |
| LEADER | 01187cam a2200325 a 4500 | ||
|---|---|---|---|
| 001 | c000391790 | ||
| 003 | CARM | ||
| 005 | 20121009122430.0 | ||
| 008 | 121009s1974 ilua 001 0 eng d | ||
| 010 | |a 73081458 | ||
| 019 | 1 | |a 69840321 |5 LACONCORD2021 | |
| 020 | |a 087002146X (hbk.) | ||
| 035 | |a (OCoLC)866058 |5 LACONCORD2021 | ||
| 040 | |a LC |b eng |c LC | ||
| 050 | 0 | 0 | |a TT297 |b .E26 |
| 050 | 4 | |a TT297 |b .E3 1973 | |
| 082 | 0 | 4 | |a 745.57 |
| 100 | 1 | |a Edwards, Lauton. | |
| 245 | 1 | 0 | |a Industrial arts plastics / |c Lauton Edwards. |
| 250 | |a 2nd ed. | ||
| 260 | |a Peoria, Ill. : |b Chas. A. Bennett Co., |c c1974. | ||
| 300 | |a 288 p. : |b ill. ; |c 24 cm. | ||
| 504 | |a Includes index. | ||
| 520 | |a A textbook describing the properties of different types of plastics with instructions for making a variety of items from these materials. | ||
| 650 | 0 | |a Plastics craft. | |
| 852 | 8 | |b CARM |p 0588531 |f BK | |
| 852 | 8 | |b SCAN |h A3:AG13F0 |i C12819 |p 0588531 |f BK | |
| 999 | f | f | |i cb3e864d-885f-5093-881a-cbc721e07c17 |s 2a5b62ea-3298-5367-b2f1-c3457c22ee8f |
| 952 | f | f | |p Can circulate |a CAVAL |b CAVAL |c CAVAL |d CARM 1 Store |i book |m 0588531 |
| 952 | f | f | |a CAVAL |b CAVAL |c CAVAL |d Unmapped Location |e C12819 |f A3:AG13F0 |h Other scheme |